Every city in Hawai'i (cityquiz.io) - Statistics

General Stats
  • This quiz has been taken 170 times
  • The average score is 21 of 164
Answer Stats
County Population Answer % Correct
Honolulu 350,964 Honolulu
89%
Hawaii 44,186 Hilo
70%
Honolulu 40,514 Kailua
61%
Honolulu 45,295 Pearl City
58%
Honolulu 50,922 East Honolulu
48%
Maui 12,702 Lahaina
43%
Kauai 8,004 Lihue
41%
Hawaii 9,904 Waimea
40%
Kauai 2,057 Waimea
40%
Hawaii 19,713 Kailua-Kona
38%
Honolulu 43,485 Waipahu
38%
Honolulu 16,415 Ewa Beach
37%
Maui 1,526 Hana
37%
Honolulu 10,408 Aiea
36%
Maui 28,219 Kahului
36%
Honolulu 37,430 Kaneohe
34%
Honolulu 13,614 Waianae
32%
Honolulu 6,057 Waimanalo
28%
Maui 21,423 Kihei
27%
Honolulu 5,963 Laie
25%
Honolulu 25,707 Ewa Gentry
24%
Kauai 11,652 Kapaa
24%
Hawaii 3,253 Captain Cook
23%
Honolulu 12,195 Nanakuli
23%
Maui 3,332 Lanai City
22%
Hawaii 736 Volcano
22%
Honolulu 4,941 Haleiwa
21%
Honolulu 2,852 Kahuku
21%
Kauai 2,157 Princeville
21%
Hawaii 924 Pahoa
19%
Kauai 444 Hanalei
18%
Honolulu 9,916 Makaha
18%
Maui 17,697 Wailuku
18%
Maui 1,161 Kaanapali
17%
Maui 6,942 Kula
17%
Hawaii 7,104 Waikoloa Village
17%
Kauai 2,359 Wailua
17%
Honolulu 19,877 Makakilo
16%
Honolulu 18,658 Wahiawa
16%
Kauai 2,678 Hanapepe
15%
Hawaii 2,268 Hawi
15%
Hawaii 2,699 Honokaa
14%
Honolulu 1,421 Kaaawa
14%
Maui 435 Maunaloa
14%
Honolulu 4,062 Waialua
14%
Maui 6,027 Wailea
14%
Honolulu 5,299 East Kapolei
13%
Hawaii 3,976 Hawaiian Beaches
13%
Maui 3,419 Kaunakakai
13%
Hawaii 1,195 Keaau
13%
Maui 7,297 Makawao
13%
Honolulu 28,121 Mililani Town
13%
Maui 8,299 Pukalani
13%
Honolulu 14,904 Schofield Barracks
13%
Honolulu 15,016 Halawa
12%
Hawaii 14,957 Hawaiian Paradise Park
12%
Kauai 2,231 Koloa
12%
Honolulu 1,374 Punaluu
12%
Honolulu 13,817 Waimalu
12%
Honolulu 11,535 Maili
11%
Honolulu 21,075 Mililani Mauka
11%
Hawaii 4,215 Mountain View
11%
Hawaii 1,403 Pahala
11%
Maui 2,470 Paia
11%
Honolulu 5,130 Pupukea
11%
Honolulu 14,896 Royal Kunia
11%
Honolulu 5,241 Kahaluu
10%
Kauai 3,715 Kekaha
10%
Kauai 3,014 Kilauea
10%
Honolulu 4,887 Whitmore Village
10%
Kauai 2,515 Eleele
9%
Hawaii 2,307 Kealakekua
9%
Maui 2,199 Keokea
9%
Hawaii 811 Naalehu
9%
Honolulu 4,823 Waimanalo Beach
9%
Honolulu 8,969 Ahuimanu
8%
Hawaii 3,609 Ainaloa
8%
Kauai 2,243 Anahola
8%
Honolulu 7,825 Ewa Villages
8%
Honolulu 4,018 Hauula
8%
Hawaii 2,515 Kurtistown
8%
Hawaii 1,147 Laupahoehoe
8%
Honolulu 2,026 Maunawili
8%
Honolulu 1,816 Mokuleia
8%
Kauai 3,380 Puhi
8%
Honolulu 728 Waikane
8%
Hawaii 1,386 Eden Roc
7%
Maui 8,595 Haiku-Pauwela
7%
Hawaii 4,864 Hawaiian Ocean View
7%
Kauai 4,996 Kalaheo
7%
Hawaii 2,008 Kapaau
7%
Maui 495 Kapalua
7%
Honolulu 325 Kawela Bay
7%
Hawaii 1,139 Leilani Estates
7%
Hawaii 1,652 Nanawale Estates
7%
Honolulu 14,965 Ocean Pointe
7%
Kauai 1,299 Poipu
7%
Maui 3,437 Waikapu
7%
Honolulu 7,509 Waikele
7%
Kauai 5,863 Wailua Homesteads
7%
Honolulu 5,531 Waipio Acres
7%
Hawaii 1,150 Fern Forest
6%
Kauai 550 Haena
6%
Hawaii 3,426 Hawaiian Acres
6%
Honolulu 5,001 Heeia
6%
Hawaii 12,590 Kalaoa
6%
Honolulu 1,999 Ko Olina
6%
Kauai 2,578 Lawai
6%
Maui 7 Manele
6%
Hawaii 363 Volcano Golf Course
6%
Hawaii 1,147 Wainaku
5%
Honolulu 4,549 Iroquois Point
5%
Kauai 672 Kaumakani
5%
Maui 310 Maalaea
5%
Maui 7,042 Napili-Honokowai
5%
Hawaii 267 Puako
5%
Maui 9,234 Waihee-Waiehu
5%
Hawaii 416 Black Sands
4%
Hawaii 1,171 Discovery Harbour
4%
Hawaii 1,965 Fern Acres
4%
Hawaii 773 Halaula
4%
Maui 1,074 Haliimaile
4%
Kauai 4,994 Hanamaulu
4%
Hawaii 2,994 Holualoa
4%
Hawaii 996 Honalo
4%
Hawaii 2,416 Honaunau-Napoopoo
4%
Hawaii 452 Honomu
4%
Hawaii 167 Kalapana
4%
Kauai 361 Kalihiwai
4%
Maui 910 Mahinahina
4%
Maui 196 Makena
4%
Maui 100 Olowalu
4%
Kauai 1,346 Omao
4%
Hawaii 3,165 Orchidlands Estates
4%
Hawaii 618 Paauilo
4%
Kauai 286 Pakala Village
4%
Hawaii 1,166 Papaikou
4%
Hawaii 790 Royal Hawaiian Estates
4%
Hawaii 555 Tiki Gardens
4%
Hawaii 757 Waikoloa Beach Resort
4%
Kauai 419 Wainiha
4%
Honolulu 2,549 Helemano
3%
Honolulu 7,581 Hickam Housing
3%
Hawaii 12,590 Kaiminani
3%
Honolulu 2,364 Kalaeloa
3%
Honolulu 9,483 Kaneohe Station
3%
Hawaii 281 Kukuihaele
3%
Maui 688 Launiupoko
3%
Hawaii 1,057 Mauna Loa Estates
3%
Maui 1,188 Olinda
3%
Hawaii 434 Paukaa
3%
Honolulu 5,523 West Loch Estates
3%
Hawaii 4,778 Kahaluu-Keauhou
2%
Maui 2,110 Kualapuu
2%
Hawaii 1,826 Pepeekoo
2%
Maui 393 Ualapu'e
2%
Hawaii 198 Waiohinu
2%
Honolulu 12,082 Waipo
2%
Honolulu 2,412 Wheeler AFB
2%
Hawaii 1,314 Kaloko
1%
Hawaii 157 Kamaili
1%
Honolulu 21,411 Kaopei
1%
Hawaii 512 Seaview
1%
Honolulu 198 Mahaka Valley
0%
No matching quizzes found
Score Distribution
Percent of People with Each Score
Percentile by Number Answered
Your Score History
You have not taken this quiz